Statystyki dla Niemiec Czasownik Nieregularne

Kliknij tutaj aby rozwiązać quiz!

Ogólne statystyki

  • Ten quiz został rozwiązany 30 razy
  • Średni wynik to 34 z 267

Statystyki odpowiedzi

CzasownikBedeutung% Poprawnych
backenpiec
86%
gebacken
57%
beginnenzaczynać
43%
bittenprosić
43%
denkenmyśleć
43%
essenjeść
43%
fallenupadać
43%
findenznajdować
43%
gefallen
43%
gegessen
43%
geheniść
43%
habenmieć
43%
backteβ do skopiowania
29%
begann
29%
begonnen
29%
bindenwiązać
29%
bot
29%
bringenprzynosić
29%
dachte
29%
empfehlenpolecać
29%
fahrenjechać
29%
gebendawać
29%
geboten
29%
gedacht
29%
gefahren
29%
gefunden
29%
gegangen
29%
gewonnen
29%
ging
29%
half
29%
hängenwisieć
29%
helfenpomagać
29%
könnenmóc, umieć, potrafić
29%
laufenbiec
29%
leihenpożyczać
29%
mochte
29%
sehenwidzieć
29%
seinbyć
29%
trinkenpić
29%
war
29%
waschenmyć, prać
29%
14%
band
14%
bat
14%
biegengiąć, skręcać(w kierunku)
14%
bietenoferować
14%
bleibenzostawać
14%
blieb
14%
bog
14%
brach
14%
brachte
14%
brannte
14%
bratensmażyć
14%
brechenłamać
14%
brennenpalić się, płonąć
14%
briet
14%
dürfenmóc, mieć pozwolenie
14%
durfte
14%
empfahl
14%
empfand
14%
empfangenprzyjmować
14%
empfindenczuć, odczuwać
14%
empfing
14%
empfohlen
14%
empfunden
14%
fand
14%
fangenłapać
14%
fiel
14%
fing
14%
flieβenpłynąć
14%
fliegenlatać
14%
fliehenuciekać
14%
flog
14%
floh
14%
floss
14%
fuhr
14%
gab
14%
gebeten
14%
geblieben
14%
gebogen
14%
gebracht
14%
gebrannt
14%
gebraten
14%
gebrochen
14%
gebunden
14%
gedurft
14%
gefangen
14%
gefiel
14%
geflogen
14%
geflohen
14%
geflossen
14%
gegeben
14%
gegossen
14%
gegraben
14%
gehabt
14%
gehalten
14%
gehangen
14%
geheiβen
14%
geholfen
14%
gekannt
14%
gekommen
14%
gekonnt
14%
geladen
14%
gelassen
14%
gelaufen
14%
gelegen
14%
gelesen
14%
geliehen
14%
gelitten
14%
gelogen
14%
gemocht
14%
geschlafen
14%
gesehen
14%
gesprochen
14%
gestroben
14%
gesungen
14%
gewachsen
14%
gewann
14%
gewaschen
14%
gewesen
14%
gewinnenwygrywać
14%
gieβenlać
14%
goss
14%
grabenkopać
14%
grub
14%
haltentrzymać
14%
hatte
14%
heiβennazywać się
14%
hieβ
14%
hielt
14%
hing
14%
kam
14%
kannte
14%
kennenznać
14%
kommenprzychodzić
14%
konnte
14%
ladenładować
14%
lag
14%
las
14%
lassenkazać, pozwalać, zostawiąc
14%
leidencierpieć
14%
lesenczytać
14%
lieβ
14%
lief
14%
liegenleżeć
14%
lieh
14%
litt
14%
log
14%
lud
14%
lügenkłamać
14%
mögenlubić
14%
müssenmusieć
14%
musst
14%
nehmenbrać
14%
ritt
14%
sah
14%
sang
14%
schlafenspać
14%
schwimmenpływać
14%
singenśpiewać
14%
sinkentonąć
14%
sitzensiedzieć
14%
sprechenmówić, rozmawiać
14%
stehenstać
14%
tragennosić
14%
trank
14%
vergessenzapominać
14%
wachsenrosnąć
14%
wuchs
14%
wusch
14%
gemusst
0%
genannt
0%
genommen
0%
geraten
0%
geritten
0%
gerufen
0%
geschalgen
0%
geschlossen
0%
geschnitten
0%
geschrieben
0%
geschwommen
0%
gescmissen
0%
gesessen
0%
gesollt
0%
gesprungen
0%
gestanden
0%
gestiegen
0%
gestohlen
0%
gestritten
0%
gestunken
0%
gesunken
0%
getan
0%
getragen
0%
getreten
0%
getroffen
0%
getrunken
0%
gewogen
0%
gewollt
0%
geworden
0%
geworfen
0%
gewusst
0%
gezogen
0%
nahm
0%
nannte
0%
nennnennazywać
0%
ratenradzić
0%
reitenjeździć konno
0%
rief
0%
riet
0%
rufenwołać
0%
saβ
0%
sank
0%
schlagenbić
0%
schlieβenzamykać
0%
schlief
0%
schloss
0%
schlug
0%
schmeiβenrzucać
0%
schmiss
0%
schneidenkroić
0%
schnitt
0%
schreibenpisać
0%
schrieb
0%
schwamm
0%
sollenobowiązek, powinność
0%
sollte
0%
sprach
0%
sprang
0%
springenskakać
0%
stahl
0%
stand
0%
stank
0%
starb
0%
stehlenkraść
0%
steigenwznosić się, wspinać się
0%
stieg
0%
stinkenśmierdzieć
0%
strebenumierać
0%
streitenkłócić się
0%
stritt
0%
tat
0%
traf
0%
trat
0%
trefffenspotykać
0%
tretendeptać, stąpać
0%
trug
0%
tunrobić, czynić
0%
vergaβ
0%
verliernentracić, gubić, przegrywać
0%
verlor
0%
verloren
0%
warf
0%
werdenstawać się, zostawać
0%
werfenrzucać
0%
wiegenważyć
0%
wissenwiedzieć
0%
wog
0%
wollenchicieć
0%
wollte
0%
wurde
0%
wusste
0%
ziehenciągnąć
0%
zog
0%

Rozkład punktacji

Percentyl według liczby udzielonych odpowiedzi

Procent ludzi z każdym wynikiem

Twoja historia wyników

Nie rozwiązałeś tego quizu